Music Quiz

Random Music or Song Quiz

50 Songs By Their Guitar Riffs Quiz Stats

 Plays Quiz Updated Dec 3, 2016

Challenge
Share
Tweet
Score 0/50 Timer 10:00
5 Plays Today
Time Song % Correct
2:19Eye Of The Tiger
90.2%
0:35Smoke On The Water
89.1%
0:48Walk This Way
86.3%
0:00You Really Got Me
83.6%
2:03House Of The Rising Sun
82%
1:37Here Comes The Sun
80.4%
1:51(I Can't Get No) Satisfaction
80.3%
4:36Sweet Child O' Mine
80%
1:20Money
79.1%
0:30Layla
77.9%
2:40More Than A Feeling
72.7%
1:04Should I Stay Or Should I Go?
72.7%
3:32You Give Love A Bad Name
70.9%
1:27Sultans Of Swing
69.2%
2:45Come As You Are
69.2%
2:15Seven Nation Army
68.1%
0:03Sunshine Of Your Love
64.6%
2:09Pinball Wizard
63.2%
3:40Highway To Hell
62%
2:33I Walk The Line
61.1%
0:58Pour Some Sugar On Me
61.1%
4:23White Wedding
59.4%
0:27Paranoid
58.4%
0:53Black Dog
57.3%
3:28Rock You Like A Hurricane
56.4%
Time Song % Correct
3:04Are You Gonna Go My Way?
51.9%
3:20Ace Of Spades
51.6%
2:27Sex On Fire
49%
0:24Master Of Puppets
48.1%
3:10La Grange
46.8%
4:12One
44.5%
4:28Killing In The Name
44.2%
3:24What's My Age Again?
41.3%
0:19Cult Of Personality
40.3%
0:07Today
40.2%
1:44No One Knows
39.1%
4:07Suspicious Minds
38.3%
1:12Need You Tonight
34.5%
0:13Boys Don't Cry
33.3%
4:00Where Is My Mind?
32.4%
1:08The Passenger
31.9%
3:55Everybody's Talkin'
25.4%
1:55Since You Been Gone
24.2%
1:32Golden Years
22%
2:56Cowboys From Hell
19.6%
1:16This Charming Man
19.3%
2:50She Sells Sanctuary
18%
3:14Lonely Is The Night
16.8%
3:48Street Spirit (Fade Out)
14.4%
0:43Pretty Vacant
9.8%

You're not logged in!

Compare scores with friends on all Sporcle quizzes.
OR
Log In

You Might Also Like...

Show Comments

Extras

Top Quizzes Today


Score Distribution

Your Account Isn't Verified!

In order to create a playlist on Sporcle, you need to verify the email address you used during registration. Go to your Sporcle Settings to finish the process.

Report this User

Report this user for behavior that violates our Community Guidelines.

Details: